[Event "Reykjavik Open 2013"]
[Site "?"]
[Date "2013.02.27"]
[Round "10.4"]
[White "Lou, Yiping"]
[Black "Oleksienko, Mikhailo"]
[Result "1/2-1/2"]
[LiveChessVersion "1.4"]
[BlackElo "2568"]
[WhiteElo "2468"]

1. d4 {[%clk 1:30:31]} d5 {[%clk 1:30:05]} 2. c4 {[%clk 1:30:46]} c6
{[%clk 1:30:19]} 3. Nc3 {[%clk 1:31:05]} Nf6 {[%clk 1:30:32]} 4. cxd5
{[%clk 1:31:04]} cxd5 {[%clk 1:30:59]} 5. Bf4 {[%clk 1:31:29]} Nc6
{[%clk 1:31:06]} 6. e3 {[%clk 1:31:48]} a6 {[%clk 1:31:06]} 7. Bd3
{[%clk 1:30:58]} Bg4 {[%clk 1:31:16]} 8. Nge2 {[%clk 1:30:54]} e6
{[%clk 1:31:23]} 9. O-O {[%clk 1:28:05]} Be7 {[%clk 1:31:04]} 10. a3
{[%clk 1:27:07]} O-O {[%clk 1:31:08]} 11. Rc1 {[%clk 1:26:58]} Bh5
{[%clk 1:27:59]} 12. Na4 {[%clk 1:26:00]} Nd7 {[%clk 1:24:55]} 13. b4
{[%clk 1:23:03]} Bg6 {[%clk 1:05:37]} 14. Bg3 {[%clk 1:17:30]} Nb6
{[%clk 0:59:47]} 15. Nc5 {[%clk 1:09:17]} Qc8 {[%clk 0:57:42]} 16. e4
{[%clk 0:53:42]} dxe4 {[%clk 0:52:49]} 17. Nxe4 {[%clk 0:53:37]} Rd8
{[%clk 0:51:28]} 18. Qb3 {[%clk 0:51:20]} Nd5 {[%clk 0:49:20]} 19. Rfd1
{[%clk 0:43:55]} Bxe4 {[%clk 0:49:05]} 20. Bxe4 {[%clk 0:44:15]} Qd7
{[%clk 0:49:18]} 21. Qb1 {[%clk 0:39:20]} g6 {[%clk 0:43:57]} 22. h4
{[%clk 0:38:09]} Rac8 {[%clk 0:43:22]} 23. h5 {[%clk 0:35:11]} Bg5
{[%clk 0:36:50]} 24. Rc5 {[%clk 0:34:51]} b6 {[%clk 0:36:57]} 25. Rc2
{[%clk 0:34:30]} Nce7 {[%clk 0:36:59]} 26. hxg6 {[%clk 0:33:38]} hxg6
{[%clk 0:34:17]} 27. Qb3 {[%clk 0:31:39]} Rxc2 {[%clk 0:34:05]} 28. Bxc2
{[%clk 0:32:01]} Rc8 {[%clk 0:34:11]} 29. Be5 {[%clk 0:30:06]} b5
{[%clk 0:29:26]} 30. Be4 {[%clk 0:28:06]} Bf6 {[%clk 0:28:28]} 31. Qf3
{[%clk 0:16:13]} Bg7 {[%clk 0:25:01]} 32. Bxg7 {[%clk 0:16:29]} Kxg7
{[%clk 0:25:23]} 33. g3 {[%clk 0:16:05]} Qa7 {[%clk 0:21:13]} 34. Bxd5
{[%clk 0:13:06]} Nxd5 {[%clk 0:21:32]} 35. Nf4 {[%clk 0:13:28]} Rd8
{[%clk 0:20:16]} 36. Qe4 {[%clk 0:09:22]} Nxf4 {[%clk 0:17:17]} 37. Qxf4
{[%clk 0:09:48]} Rd5 {[%clk 0:16:38]} 38. Rc1 {[%clk 0:06:02]} Qxd4
{[%clk 0:13:18]} 39. Qxd4+ {[%clk 0:06:26]} Rxd4 {[%clk 0:13:45]} 40. Rc6
{[%clk 0:36:47]} a5 {[%clk 0:43:37]} 41. bxa5 {[%clk 0:37:12]} Ra4
{[%clk 0:44:00]} 42. a6 {[%clk 0:37:08]} Rxa3 {[%clk 0:44:23]} 43. Rb6
{[%clk 0:37:27]} Kf6 {[%clk 0:44:28]} 44. Kg2 {[%clk 0:37:28]} b4
{[%clk 0:44:38]} 45. Rxb4 {[%clk 0:37:28]} Rxa6 {[%clk 0:45:05]} 46. f4
{[%clk 0:34:45]} Ra5 {[%clk 0:42:20]} 47. Rb7 {[%clk 0:33:44]} g5
{[%clk 0:41:52]} 48. Kf3 {[%clk 0:33:00]} Kg6 {[%clk 0:42:15]} 49. Rb3
{[%clk 0:30:19]} Kf5 {[%clk 0:42:22]} 50. Rc3 {[%clk 0:29:30]} g4+
{[%clk 0:38:54]} 51. Ke3 {[%clk 0:29:24]} f6 {[%clk 0:39:17]} 52. Rb3
{[%clk 0:29:41]} Ra2 {[%clk 0:31:52]} 53. Rb5+ {[%clk 0:29:59]} e5
{[%clk 0:25:14]} 54. fxe5 {[%clk 0:30:22]} fxe5 {[%clk 0:25:39]} 55. Rb8
{[%clk 0:29:47]} Ra3+ {[%clk 0:26:03]} 56. Kf2 {[%clk 0:30:11]} Ke4
{[%clk 0:17:50]} 57. Rb4+ {[%clk 0:30:12]} Kd3 {[%clk 0:18:16]} 58. Rxg4
{[%clk 0:30:14]} e4 {[%clk 0:18:42]} 59. Rg8 {[%clk 0:30:09]} Ra2+
{[%clk 0:19:08]} 60. Kf1 {[%clk 0:30:15]} Ra1+ {[%clk 0:19:32]} 61. Kg2
{[%clk 0:30:09]} e3 {[%clk 0:19:50]} 62. Rd8+ {[%clk 0:29:25]} Ke2
{[%clk 0:20:17]} 63. g4 {[%clk 0:17:31]} Rd1 {[%clk 0:14:22]} 64. Re8
{[%clk 0:17:28]} Kd2 {[%clk 0:14:45]} 65. Rd8+ {[%clk 0:14:48]} Ke1
{[%clk 0:15:01]} 66. Re8 {[%clk 0:13:33]} e2 {[%clk 0:15:20]} 67. Kf3
{[%clk 0:13:39]} Rd3+ {[%clk 0:15:45]} 68. Kf4 {[%clk 0:14:05]} Kf2
{[%clk 0:15:39]} 69. Rxe2+ {[%clk 0:14:29]} Kxe2 {[%clk 0:16:36]} 70. g5
{[%clk 0:14:53]} Rd6 {[%clk 0:15:53]} 71. Kf5 {[%clk 0:14:21]} Ke3
{[%clk 0:16:19]} 72. g6 {[%clk 0:14:44]} Rxg6 {[%clk 0:16:35]} 73. Ke4+ 1/2-1/2

[Event "Reykjavik Open 2013"]
[Site "?"]
[Date "2013.02.27"]
[Round "10.10"]
[White "Yilmaz, Mustafa"]
[Black "Zumsande, Martin"]
[Result "1-0"]
[LiveChessVersion "1.4"]
[BlackElo "2419"]
[WhiteElo "2531"]

1. Nf3 {[%clk 1:27:34]} d5 {[%clk 1:30:53]} 2. g3 {[%clk 1:27:17]} Nf6
{[%clk 1:30:43]} 3. Bg2 {[%clk 1:27:42]} g6 {[%clk 1:29:15]} 4. c4
{[%clk 1:27:06]} c6 {[%clk 1:29:25]} 5. O-O {[%clk 1:26:58]} Bg7 {[%clk 1:29:24]}
6. d4 {[%clk 1:26:45]} O-O {[%clk 1:27:43]} 7. cxd5 {[%clk 1:26:08]} cxd5
{[%clk 1:27:08]} 8. Ne5 {[%clk 1:26:35]} Nc6 {[%clk 1:22:23]} 9. Nxc6
{[%clk 1:25:39]} bxc6 {[%clk 1:22:10]} 10. Nc3 {[%clk 1:23:36]} Rb8
{[%clk 1:11:54]} 11. Na4 {[%clk 1:17:35]} Ne4 {[%clk 1:06:34]} 12. Be3
{[%clk 1:16:02]} Nd6 {[%clk 0:51:18]} 13. Rc1 {[%clk 1:09:37]} Nc4
{[%clk 0:35:07]} 14. Bf4 {[%clk 1:05:02]} Nxb2 {[%clk 0:35:06]} 15. Qd2
{[%clk 0:55:43]} e5 {[%clk 0:35:25]} 16. Bg5 {[%clk 0:49:03]} f6 {[%clk 0:35:38]}
17. Nxb2 {[%clk 0:49:01]} fxg5 {[%clk 0:33:18]} 18. dxe5 {[%clk 0:48:44]} Bxe5
{[%clk 0:23:32]} 19. Nd3 {[%clk 0:48:35]} Bg7 {[%clk 0:23:57]} 20. Rxc6
{[%clk 0:47:30]} Kh8 {[%clk 0:13:36]} 21. Rfc1 {[%clk 0:38:14]} Bf5
{[%clk 0:13:43]} 22. Ra6 {[%clk 0:33:46]} Be4 {[%clk 0:12:08]} 23. Nb4
{[%clk 0:27:40]} Qe8 {[%clk 0:10:48]} 24. Bxe4 {[%clk 0:22:17]} dxe4
{[%clk 0:09:49]} 25. a3 {[%clk 0:18:32]} Rb7 {[%clk 0:08:50]} 26. Qe3
{[%clk 0:14:24]} Rd7 {[%clk 0:05:31]} 27. Rc4 {[%clk 0:13:32]} Re7
{[%clk 0:02:59]} 28. Rxa7 {[%clk 0:12:57]} Rxa7 {[%clk 0:02:37]} 29. Qxa7
{[%clk 0:13:23]} Qe6 {[%clk 0:02:17]} 30. Rc7 {[%clk 0:11:26]} Qe5
{[%clk 0:02:19]} 31. Rd7 {[%clk 0:08:54]} h5 {[%clk 0:02:08]} 32. Qe3
{[%clk 0:02:49]} g4 {[%clk 0:02:21]} 33. Kg2 {[%clk 0:02:15]} Re8
{[%clk 0:00:58]} 34. Rd5 {[%clk 0:02:13]} Qe6 {[%clk 0:01:12]} 35. Rd1
{[%clk 0:01:40]} Kh7 {[%clk 0:01:35]} 36. Nd5 {[%clk 0:01:32]} Bh6
{[%clk 0:01:40]} 37. Qa7+ {[%clk 0:01:06]} Kg8 {[%clk 0:01:13]} 38. Qd4
{[%clk 0:00:51]} Rf8 {[%clk 0:01:06]} 39. Qc4 {[%clk 0:00:49]} Kh7
{[%clk 0:01:05]} 40. Qc5 {[%clk 0:30:40]} Rf7 {[%clk 0:30:56]} 41. Ne3
{[%clk 0:22:36]} Bf8 {[%clk 0:26:53]} 42. Qc4 {[%clk 0:21:51]} Qf6
{[%clk 0:24:51]} 43. Rf1 {[%clk 0:21:02]} Bxa3 {[%clk 0:24:45]} 44. Qxe4
{[%clk 0:21:19]} Bc5 {[%clk 0:23:57]} 45. Nd1 {[%clk 0:20:42]} Re7
{[%clk 0:23:22]} 46. Qd5 {[%clk 0:18:46]} Re5 {[%clk 0:22:57]} 47. Qd3
{[%clk 0:18:44]} Qe6 {[%clk 0:21:03]} 48. e3 {[%clk 0:16:54]} Qc6+
{[%clk 0:19:07]} 49. Kg1 {[%clk 0:16:59]} Qf3 {[%clk 0:19:23]} 50. Qc4
{[%clk 0:15:25]} Rf5 {[%clk 0:12:46]} 51. Nc3 {[%clk 0:14:42]} Re5
{[%clk 0:05:10]} 52. Ne2 {[%clk 0:12:50]} Qd5 {[%clk 0:03:10]} 53. Rc1
{[%clk 0:11:28]} Qxc4 {[%clk 0:03:06]} 54. Rxc4 {[%clk 0:11:56]} Kg7
{[%clk 0:03:19]} 55. Nf4 {[%clk 0:12:16]} Be7 {[%clk 0:02:51]} 56. Rc7
{[%clk 0:12:44]} Kf7 {[%clk 0:02:56]} 57. Rd7 {[%clk 0:12:47]} Ke8
{[%clk 0:02:03]} 58. Nxg6 {[%clk 0:12:55]} Kxd7 {[%clk 0:02:01]} 59. Nxe5+
{[%clk 0:13:22]} Ke6 {[%clk 0:02:27]} 60. Ng6 {[%clk 0:13:43]} Bd6
{[%clk 0:02:36]} 61. Nf4+ {[%clk 0:14:08]} Kd5 1-0

[Event "Reykjavik Open 2013"]
[Site "?"]
[Date "2013.02.27"]
[Round "10.12"]
[White "Solak, Dragan"]
[Black "Wang, Jue"]
[Result "1-0"]
[LiveChessVersion "1.4"]
[BlackElo "2375"]
[WhiteElo "2603"]

1. c4 {[%clk 1:24:56]} g6 {[%clk 1:30:44]} 2. g3 {[%clk 1:25:04]} Bg7
{[%clk 1:30:33]} 3. Bg2 {[%clk 1:25:29]} d6 {[%clk 1:28:30]} 4. Nc3
{[%clk 1:25:47]} Nf6 {[%clk 1:28:48]} 5. e4 {[%clk 1:25:01]} c5 {[%clk 1:26:50]}
6. d3 {[%clk 1:25:16]} Nc6 {[%clk 1:27:14]} 7. Nge2 {[%clk 1:25:38]} O-O
{[%clk 1:27:37]} 8. O-O {[%clk 1:25:29]} Ne8 {[%clk 1:28:02]} 9. Be3
{[%clk 1:25:08]} Nd4 {[%clk 1:28:26]} 10. Rb1 {[%clk 1:24:19]} Nc7
{[%clk 1:20:26]} 11. b4 {[%clk 1:24:09]} b6 {[%clk 1:20:32]} 12. Qd2
{[%clk 1:15:03]} Bg4 {[%clk 1:11:48]} 13. f3 {[%clk 1:14:32]} Bd7
{[%clk 1:12:13]} 14. Kh1 {[%clk 1:06:39]} Nce6 {[%clk 1:03:37]} 15. f4
{[%clk 1:06:08]} Nxe2 {[%clk 1:04:01]} 16. Nxe2 {[%clk 1:06:32]} Nd4
{[%clk 1:04:27]} 17. f5 {[%clk 0:59:14]} gxf5 {[%clk 1:01:31]} 18. Nxd4
{[%clk 0:58:30]} cxd4 {[%clk 1:00:52]} 19. Bh6 {[%clk 0:58:50]} Be5
{[%clk 0:51:10]} 20. exf5 {[%clk 0:47:48]} f6 {[%clk 0:51:13]} 21. Bxf8
{[%clk 0:42:09]} Qxf8 {[%clk 0:51:37]} 22. Bxa8 {[%clk 0:42:14]} Qxa8+
{[%clk 0:52:01]} 23. Kg1 {[%clk 0:42:40]} Qc8 {[%clk 0:50:50]} 24. Qf2
{[%clk 0:41:32]} Bc6 {[%clk 0:49:41]} 25. Qe2 {[%clk 0:37:12]} Bb7
{[%clk 0:44:31]} 26. Rbe1 {[%clk 0:36:02]} Qe8 {[%clk 0:39:14]} 27. Qg4+
{[%clk 0:34:34]} Kf8 {[%clk 0:39:26]} 28. b5 {[%clk 0:32:57]} Qf7
{[%clk 0:37:01]} 29. a4 {[%clk 0:29:29]} d5 {[%clk 0:28:07]} 30. Rxe5
{[%clk 0:22:40]} fxe5 {[%clk 0:28:27]} 31. Qg5 {[%clk 0:22:53]} Qf6
{[%clk 0:10:19]} 32. Qxf6+ {[%clk 0:22:26]} exf6 {[%clk 0:10:45]} 33. cxd5
{[%clk 0:18:43]} Bxd5 {[%clk 0:11:03]} 34. Rc1 {[%clk 0:18:42]} Bb3
{[%clk 0:11:21]} 35. Rc8+ {[%clk 0:18:14]} Ke7 {[%clk 0:10:37]} 36. Rc7+
{[%clk 0:18:27]} Kd6 {[%clk 0:11:04]} 37. Rxa7 {[%clk 0:18:39]} e4
{[%clk 0:11:27]} 38. Kf2 {[%clk 0:18:53]} e3+ {[%clk 0:04:53]} 39. Ke2
{[%clk 0:18:36]} Kc5 {[%clk 0:04:56]} 40. g4 {[%clk 0:46:01]} h6 {[%clk 0:34:43]}
41. h4 {[%clk 0:46:25]} Kd5 {[%clk 0:33:02]} 42. Rd7+ {[%clk 0:44:13]} Ke5
{[%clk 0:33:23]} 43. a5 {[%clk 0:44:34]} Kd5 1-0

[Event "Reykjavik Open 2013"]
[Site "Reykjavik, Iceland"]
[Date "2013.02.27"]
[Round "10.54"]
[White "Sverrisson, Nokkvi"]
[Black "Ptacnikova, Lenka"]
[Result "1-0"]
[WhiteElo "1990"]
[BlackElo "2269"]
[PlyCount "173"]
[EventDate "2013.02.19"]

1. e4 d5 2. exd5 Qxd5 3. Nc3 Qd6 4. d4 Nf6 5. Nf3 a6 6. Bc4 Nc6 7. Ng5 e6 8.
Be3 Be7 9. Bb3 Na5 10. Qf3 Nxb3 11. axb3 O-O 12. O-O Bd7 13. Bf4 Qxd4 14. Bxc7
Bc6 15. Qe2 Qh4 16. Nh3 Bc5 17. Rfd1 Rfc8 18. Bg3 Qh6 19. Nf4 Qg5 20. Kf1 h5
21. h4 Qf5 22. Ra5 b5 23. Raa1 b4 24. Na4 Bb5 25. Nd3 Ne4 26. Qf3 Nxg3+ 27.
fxg3 Qxf3+ 28. gxf3 Ba7 29. c4 bxc3 30. Nxc3 Bc6 31. Ne5 Bc5 32. Ke2 Bb4 33.
Rd4 Be7 34. Rc4 Bb7 35. Nd7 Rxc4 36. bxc4 Rc8 37. b3 Rd8 38. Ne5 f6 39. Ng6 Bb4
40. Na2 Bd6 41. Rd1 Kf7 42. Nf4 g6 43. c5 Bc7 44. Rxd8 Bxd8 45. b4 e5 46. Nd3
Bc7 47. Nb2 Ke6 48. Nc3 g5 49. Nc4 gxh4 50. gxh4 f5 51. Ne3 Bd8 52. Ng2 Bc6 53.
Kf2 Bf6 54. f4 e4 55. Ne2 Be8 56. Ke1 Bb5 57. Ng3 Bc3+ 58. Kd1 Bxb4 59. Ne3
Bxc5 60. Nexf5 Bc6 61. Ng7+ Kf7 62. N7xh5 e3 63. Ne2 Bf3 64. Nhg3 a5 65. Kc2 a4
66. Nc3 a3 67. Nge2 Kg6 68. Ng3 Bd6 69. Nce2 Be7 70. f5+ Kf6 71. Nd4 Bd5 72.
Nge2 Ke5 73. h5 Bc5 74. h6 a2 75. Kb2 Bxd4+ 76. Nxd4 Bg8 77. Ne2 Kxf5 78. h7
Bxh7 79. Kxa2 Bg8+ 80. Kb2 Bc4 81. Nd4+ Ke5 82. Kc3 Bd3 83. Nb3 Bb5 84. Nd4 Ba4
85. Ne2 Bd1 86. Nc1 Bg4 87. Nd3+ 1-0

[Event "Reykjavik Open 2013"]
[Site "Reykjavik, Iceland"]
[Date "2013.02.27"]
[Round "10.70"]
[White "Johannsdottir, Johanna Bjorg"]
[Black "Palsson, Halldor"]
[Result "1/2-1/2"]
[WhiteElo "1872"]
[BlackElo "2078"]
[PlyCount "89"]
[EventDate "2013.02.19"]

1. e4 d6 2. d4 Nf6 3. Nc3 e5 4. dxe5 dxe5 5. Qxd8+ Kxd8 6. Bg5 Be6 7. Nf3 Nbd7
8. O-O-O Bd6 9. Bb5 Kc8 10. Rhe1 h6 11. Bh4 Nh5 12. Re2 Nf4 13. Red2 Nxg2 14.
Bg3 f6 15. Rg1 Nf4 16. Bxf4 exf4 17. Rxg7 a6 18. Bxd7+ Bxd7 19. e5 fxe5 20. Ne4
Bc6 21. Nxd6+ cxd6 22. Nh4 Rd8 23. Nf5 d5 24. Nxh6 Kb8 25. Nf7 Re8 26. h4 Ka7
27. h5 e4 28. h6 Re7 29. h7 Rh8 30. Nxh8 Rxg7 31. Ng6 Rxh7 32. Nxf4 Rh1+ 33.
Rd1 Rh2 34. Rd2 d4 35. Ne6 Rh1+ 36. Rd1 Rh2 37. Nxd4 Rxf2 38. Nxc6+ bxc6 39.
Rd7+ Kb6 40. Re7 Rf4 41. Kd2 Rh4 42. b3 Rh2+ 43. Kc3 Re2 44. a4 a5 45. Re5
1/2-1/2

[Event "Reykjavik Open 2013"]
[Site "Reykjavik, Iceland"]
[Date "2013.02.27"]
[Round "10.84"]
[White "Meier, Gerd"]
[Black "Johansen, Arnt-Ole"]
[Result "0-1"]
[WhiteElo "1949"]
[BlackElo "1817"]
[PlyCount "114"]
[EventDate "2013.02.19"]

1. e4 c6 2. d4 d5 3. Nc3 dxe4 4. Nxe4 Bf5 5. Ng3 Bg6 6. Nf3 Nd7 7. h4 h6 8. h5
Bh7 9. Bd3 Bxd3 10. Qxd3 e6 11. Bf4 Qa5+ 12. Bd2 Bb4 13. c3 Be7 14. Ne4 Ngf6
15. c4 Qc7 16. O-O-O Nxe4 17. Qxe4 Nf6 18. Qe2 O-O-O 19. g3 c5 20. Bc3 cxd4 21.
Nxd4 a6 22. Kb1 Rd7 23. Nb3 Rhd8 24. Rc1 Qc6 25. Rhe1 Rd3 26. Be5 Qf3 27. c5
Qxe2 28. Rxe2 R8d5 29. c6 Rd1 30. cxb7+ Kxb7 31. Na5+ Kb6 32. Bc7+ Kb5 33. Rec2
Rxc1+ 34. Rxc1 Rxh5 35. Nb3 Rd5 36. Bf4 e5 37. Be3 Nd7 38. Ba7 Bc5 39. Nxc5
Nxc5 40. a3 Ne6 41. Rc2 e4 42. Re2 Ng5 43. Bb8 f5 44. b3 Nf3 45. Bf4 Rd3 46.
Kb2 Nd4 47. a4+ Kc6 48. Rd2 Rxd2+ 49. Bxd2 Ne6 50. Kc3 h5 51. Kc4 g5 52. Bc3 h4
53. gxh4 gxh4 54. b4 h3 55. b5+ axb5+ 56. axb5+ Kb7 57. Be5 f4 0-1